[Event "SVM_Regionalliga_2024-25"]
[Site "?"]
[Date "2025.02.23"]
[Round "8.3"]
[Board "1"]
[White "Krings,Thomas"]
[Black "Menzel,Maximilian"]
[WhiteTeam "SV Horrem 1"]
[BlackTeam "SG Porz 3"]
[WhiteElo "1766"]
[BlackElo "2172"]
[WhiteDWZ "2045"]
[BlackDWZ "2174"]
[Result "1-0"]
[PlyCount "103"]
[EventDate "2025.02.23"]
[SourceDate "2025.02.23"]
 
1. e4 c5 2. c3 Nf6 3. e5 Nd5 4. Nf3 d6 5. d4 cxd4 6. cxd4 Nc6 7. Bc4 Nb6 8. Bb3 dxe5 9. d5 Na5 10. Nc3 Nxb3 11. Qxb3 e6 12. Nxe5 exd5 13. Be3 Bd6 14. Qb5+ Kf8 15. Nf3 Be6 16. O-O h5 17. Rad1 h4 18. Ng5 Rh5 19. f4 Nc4 20. Bd4 Rxg5 21. fxg5 a6 22. Qxb7 Rb8 23. Qc6 Qxg5 24. b3 h3 25. Rf2 Rc8 26. Qxa6 Bxh2+ 27. Kxh2 Ne3 28. Bxe3 Qxe3 29. Qd6+ Kg8 30. Rf3 Qh6 31. Qg3 hxg2+ 32. Kxg2 Rc5 33. Qb8+ Rc8 34. Qg3 Rc5 35. a4 d4 36. Ne4 Rc2+ 37. Rf2 Bd5 38. Rxc2 Bxe4+ 39. Kf2 Qf6+ 40. Ke1 Bxc2 41. Qb8+ Kh7 42. Qh2+ Kg8 43. Qxc2 Qe5+ 44. Qe2 Qg3+ 45. Qf2 Qc3+ 46. Rd2 d3 47. Qe3 Qxb3 48. Qe8+ Kh7 49. Rh2+ Kg6 50. Qe4+ f5 51. Rg2+ Kf6 52. Qd4+ 1-0

[Event "SVM_Regionalliga_2024-25"]
[Site "?"]
[Date "2025.02.23"]
[Round "8.3"]
[Board "2"]
[White "Finke,Kai"]
[Black "Bien,Stefan"]
[WhiteTeam "SG Porz 3"]
[BlackTeam "SV Horrem 1"]
[WhiteElo "2111"]
[BlackElo "1972"]
[WhiteDWZ "2131"]
[BlackDWZ "2022"]
[Result "1/2-1/2"]
[PlyCount "74"]
[EventDate "2025.02.23"]
[SourceDate "2025.02.23"]
 
1. d4 Nf6 2. c4 g6 3. Nc3 d5 4. Nf3 Bg7 5. Bg5 c6 6. e3 O-O 7. Bd3 Be6 8. c5 Nbd7 9. O-O Bf5 10. Bxf5 gxf5 11. Qc2 Ne4 12. Nxe4 fxe4 13. Nd2 f6 14. Bf4 e5 15. dxe5 fxe5 16. Bg3 Qe7 17. Rac1 Rf7 18. b4 h5 19. f3 h4 20. Bf2 h3 21. fxe4 hxg2 22. Kxg2 Qg5+ 23. Bg3 Nf6 24. Nf3 Qh5 25. Nxe5 Re7 26. Rf5 Qe8 27. Rcf1 Nxe4 28. Ng4 Qg6 29. Qe2 Rae8 30. Bh4 Re6 31. Kh1 d4 32. Qg2 d3 33. Nf6+ Rxf6 34. Bxf6 Qxg2+ 35. Kxg2 Bxf6 36. Rxf6 Nxf6 37. Rxf6 Rxe3 {(=)} 1/2-1/2

[Event "SVM_Regionalliga_2024-25"]
[Site "?"]
[Date "2025.02.23"]
[Round "8.3"]
[Board "3"]
[White "Hess,Christian"]
[Black "Kremser,Michael"]
[WhiteTeam "SV Horrem 1"]
[BlackTeam "SG Porz 3"]
[WhiteElo "2135"]
[BlackElo "2024"]
[WhiteDWZ "1983"]
[BlackDWZ "2084"]
[Result "0-1"]
[PlyCount "136"]
[EventDate "2025.02.23"]
[SourceDate "2025.02.23"]
 
1. d4 Nf6 2. c4 b6 3. Nf3 Bb7 4. g3 e6 5. Bg2 Be7 6. O-O O-O 7. d5 exd5 8. Nh4 c6 9. cxd5 Nxd5 10. Nf5 Nc7 11. e4 d5 12. Nc3 Bf6 13. exd5 Nxd5 14. Ne4 Nd7 15. Re1 Ne5 16. Qe2 Ng6 17. Qh5 Re8 18. Ne3 {(=)} Re5 19. Qf3 Be7 20. Nc4 Re6 21. Bh3 Ne5 22. Qb3 Nxc4 23. Qxc4 Re5 24. Bd2 Nf6 25. Ng5 Qd5 26. Qxd5 Rxe1+ 27. Rxe1 Nxd5 28. Ne4 Rd8 29. a3 Kf8 30. Bf5 g6 31. Bh6+ Kg8 32. Bh3 Bf8 33. Bg5 Re8 34. Bd7 Rb8 35. Rd1 h6 36. Nf6+ Kg7 37. Nxd5 hxg5 38. Nc3 Rd8 39. Bg4 Rxd1+ 40. Bxd1 c5 41. Be2 Bd6 42. Kf1 {(=)} Be5 43. Nd1 Kf6 44. Ke1 Bc6 45. Kd2 Bd4 46. b3 Bd5 47. Kc2 Ke5 48. a4 f5 49. h4 gxh4 50. gxh4 Kf4 51. h5 gxh5 52. Bxh5 Bf3 53. Bf7 Bxd1+ 54. Kxd1 Kf3 55. Ke1 Bxf2+ 56. Kf1 f4 57. Bc4 Ke3 58. Ba6 f3 59. Bb7 Bh4 60. Ba6 f2 61. Be2 Bf6 62. Ba6 Bd4 63. Bb5 Kd2 64. Bc4 Kc3 65. Ke2 Kc2 66. Kf1 a6 67. Ke2 b5 68. axb5 axb5 0-1

[Event "SVM_Regionalliga_2024-25"]
[Site "?"]
[Date "2025.02.23"]
[Round "8.3"]
[Board "4"]
[White "Paulus,Jeffrey"]
[Black "Schulz,Wilhelm"]
[WhiteTeam "SG Porz 3"]
[BlackTeam "SV Horrem 1"]
[WhiteElo "2025"]
[BlackElo "2046"]
[WhiteDWZ "2034"]
[BlackDWZ "2002"]
[Result "1/2-1/2"]
[PlyCount "61"]
[EventDate "2025.02.23"]
[SourceDate "2025.02.23"]
 
1. Nf3 d5 2. g3 Nf6 3. Bg2 Nbd7 4. O-O e5 5. d3 Bd6 6. Re1 O-O 7. e4 d4 8. c3 c5 9. b4 dxc3 10. bxc5 Bxc5 11. Nxc3 Ng4 12. Be3 Nxe3 13. fxe3 Bb4 14. Qc2 Qa5 15. Rec1 Nf6 16. a3 Bd6 17. d4 Bg4 18. Qd3 a6 19. Nd5 Nxd5 20. exd5 Bxf3 21. Bxf3 exd4 22. Qxd4 Rac8 23. Rxc8 Rxc8 24. Qg4 Rc3 25. Qd7 Qc5 26. Re1 Rxe3 27. Rxe3 Qxe3+ 28. Kg2 Qxa3 29. Qxb7 a5 30. Qa8+ Bf8 31. d6 {(=)} 1/2-1/2

[Event "SVM_Regionalliga_2024-25"]
[Site "?"]
[Date "2025.02.23"]
[Round "8.3"]
[Board "5"]
[White "Tonev,Vasil"]
[Black "Padva,Leo"]
[WhiteTeam "SV Horrem 1"]
[BlackTeam "SG Porz 3"]
[WhiteElo "1840"]
[BlackElo "1974"]
[WhiteDWZ "1831"]
[BlackDWZ "2011"]
[Result "1-0"]
[PlyCount "95"]
[EventDate "2025.02.23"]
[SourceDate "2025.02.23"]
 
1. e4 e5 2. Nf3 Nc6 3. Bb5 Nf6 4. d3 Bc5 5. c3 d6 6. Nbd2 a6 7. Ba4 b5 8. Bc2 Ba7 9. Nf1 Ng4 10. Be3 Nxe3 11. Nxe3 O-O 12. d4 Re8 13. O-O Bb7 14. Re1 exd4 15. cxd4 Nb4 16. Nf5 Qf6 17. Bb1 {(=)} c5 18. e5 dxe5 19. dxe5 Bxf3 20. Qxf3 Rad8 21. Be4 Qe6 22. a3 Nd5 23. Nd6 Ne7 24. Nxe8 Rxe8 25. Rad1 Bb8 26. Bd5 Qf5 27. e6 Qxf3 28. Bxf3 f6 29. Rd7 Be5 30. b3 Nf5 31. Bd5 g6 32. g3 Ne7 33. Bb7 a5 34. Ba6 b4 35. a4 Nc6 36. Kg2 Bc3 37. Red1 Nd4 38. Bc4 Kh8 39. Ra7 h5 40. Rxa5 Kg7 41. Rxc5 Nxe6 42. Rd7+ Kh6 43. Rc6 Nd4 44. Rcc7 Kg5 45. Re7 Rd8 46. f4+ Kf5 47. Bd3+ Kg4 48. h3# 1-0

[Event "SVM_Regionalliga_2024-25"]
[Site "?"]
[Date "2025.02.23"]
[Round "8.3"]
[Board "6"]
[White "Spindler,Florian"]
[Black "Block,Wolfgang"]
[WhiteTeam "SG Porz 3"]
[BlackTeam "SV Horrem 1"]
[WhiteElo "1993"]
[BlackElo "2071"]
[WhiteDWZ "2005"]
[BlackDWZ "1903"]
[Result "1-0"]
[PlyCount "75"]
[EventDate "2025.02.23"]
[SourceDate "2025.02.23"]
 
1. d4 Nf6 2. c4 g6 3. Nc3 Bg7 4. e4 d6 5. Be2 O-O 6. h4 c6 7. h5 e5 8. d5 cxd5 9. cxd5 Nbd7 10. h6 Bh8 11. Be3 b6 12. b4 a5 13. a3 Ba6 14. f3 Qc8 15. Rc1 Bxe2 16. Ngxe2 Qb7 17. Nb5 Ne8 18. Qc2 f5 19. Qc6 Rb8 20. Nxd6 Nxd6 21. Qxd6 Rf6 22. Qc7 Rff8 23. Kd2 Bf6 24. Rc6 Bd8 25. Qxb7 Rxb7 26. b5 fxe4 27. fxe4 Nf6 28. Nc3 Ng4 29. Na4 Nf2 30. Bxf2 Rxf2+ 31. Ke3 Rf8 32. d6 Bg5+ 33. Kd3 Rf2 34. Rc8+ Kf7 35. Rc7+ Rxc7 36. dxc7 Rd2+ 37. Kc3 Rd4 38. c8=Q 1-0

[Event "SVM_Regionalliga_2024-25"]
[Site "?"]
[Date "2025.02.23"]
[Round "8.3"]
[Board "7"]
[White "Olschewski,Martin"]
[Black "Slowik,Martin"]
[WhiteTeam "SV Horrem 1"]
[BlackTeam "SG Porz 3"]
[WhiteElo "1791"]
[BlackElo "1984"]
[WhiteDWZ "1694"]
[BlackDWZ "1950"]
[Result "0-1"]
[PlyCount "76"]
[EventDate "2025.02.23"]
[SourceDate "2025.02.23"]
 
1. Nf3 d5 2. g3 Nd7 3. Bg2 e5 4. d3 Ngf6 5. Nbd2 c6 6. O-O Bd6 7. e4 O-O 8. Re1 Re8 9. Nf1 Bf8 10. Bg5 dxe4 11. dxe4 h6 12. Bd2 b5 13. Nh4 Nb6 14. Ne3 g6 15. Ba5 Qe7 16. Qe2 Qe6 17. b3 Bb7 18. c4 Nbd7 19. Rad1 Nc5 20. Nc2 Qc8 21. Bc3 bxc4 22. bxc4 Qe6 23. f3 Ba6 24. Bf1 Na4 25. Ba5 Nb2 26. Nd4 Bc5 27. Qxb2 Bxd4+ 28. Rxd4 exd4 29. Qxd4 Qe5 30. Bc3 Qxd4+ 31. Bxd4 Nd7 32. c5 Bxf1 33. Kxf1 Rab8 34. Ng2 Rb5 35. Rc1 Reb8 36. Rc2 Rb1+ 37. Ne1 Rd1 38. Ke2 Rxd4 0-1

[Event "SVM_Regionalliga_2024-25"]
[Site "?"]
[Date "2025.02.23"]
[Round "8.4"]
[Board "1"]
[White "Meyer,Emil"]
[Black "Marcziter,Alex"]
[WhiteTeam "Klub Kölner SF 3"]
[BlackTeam "SG Porz 4"]
[WhiteElo "2004"]
[BlackElo "2106"]
[WhiteDWZ "2047"]
[BlackDWZ "2070"]
[Result "1/2-1/2"]
[PlyCount "87"]
[EventDate "2025.02.23"]
[SourceDate "2025.02.23"]
 
1. e4 e5 2. Nf3 Nc6 3. d4 exd4 4. Nxd4 Bc5 5. Nb3 Bb6 6. Qe2 d6 7. Nc3 Be6 8. f4 f6 9. Be3 Qd7 10. h3 O-O-O 11. Bxb6 axb6 12. O-O-O Nge7 13. Qf2 Qe8 14. Bb5 Qf7 15. Qe2 Rhe8 16. g4 g6 17. Rhe1 Kb8 18. Kb1 f5 19. Nd4 Nxd4 20. Rxd4 c6 21. Bc4 d5 22. exf5 Bxf5 23. Bb3 Nc8 24. Qf2 Rxe1+ 25. Qxe1 Re8 26. Qg3 Qf6 27. Rd1 Bd7 28. a3 Nd6 29. Bxd5 cxd5 30. Nxd5 Qd8 31. f5 Bc6 32. Nxb6 Qxb6 33. Qxd6+ Qc7 34. fxg6 Qxd6 35. Rxd6 hxg6 36. Rxg6 Rh8 37. Rg5 Rxh3 38. b3 Rg3 39. Kb2 Rg2 40. a4 Be4 41. Rc5 Rxg4 42. Rc3 Rg2 43. Rc5 Bg6 44. Rc3 {(=)} 1/2-1/2

[Event "SVM_Regionalliga_2024-25"]
[Site "?"]
[Date "2025.02.23"]
[Round "8.4"]
[Board "2"]
[White "Wagenknecht,Uwe"]
[Black "Karimi,Farhad"]
[WhiteTeam "SG Porz 4"]
[BlackTeam "Klub Kölner SF 3"]
[WhiteElo "2118"]
[BlackElo "2054"]
[WhiteDWZ "2086"]
[BlackDWZ "2056"]
[Result "0-1"]
[PlyCount "120"]
[EventDate "2025.02.23"]
[SourceDate "2025.02.23"]
 
1. Nf3 Nf6 2. b3 e6 3. Bb2 Be7 4. c4 c6 5. g3 d5 6. Bg2 Nbd7 7. O-O O-O 8. d4 b5 9. Ne5 Qc7 10. Qc2 bxc4 11. bxc4 Rb8 12. Nd2 Ba6 13. Rfc1 Nxe5 14. dxe5 Ng4 15. Rab1 f6 16. cxd5 fxe5 17. d6 Bxd6 18. Qxc6 Qxc6 19. Rxc6 Bb4 20. Bf3 Bxd2 21. Bxg4 Bb7 22. Bxe6+ Kh8 23. Rc5 Be4 24. Rd5 Bxd5 25. Bxd5 Bc3 26. Bb3 Bxb2 27. Rxb2 Rfe8 28. Kg2 g6 29. Kf3 Kg7 30. Rc2 Re7 31. Ke4 Rb4+ 32. Rc4 Rxc4+ 33. Bxc4 Kf6 34. h4 h5 35. e3 Rb7 36. Bb3 Rb5 37. f4 Rb4+ 38. Kd5 e4 39. Kd6 Kf5 40. Be6+ Kf6 41. Bb3 Rb6+ 42. Kd5 Kf5 43. Bc2 Re6 44. Bb3 Re7 45. Kd6 Re8 46. Bf7 Rb8 47. Be6+ Kf6 48. Bd5 Rb4 49. Kc5 a5 50. Kd6 Ra4 51. Bb3 Ra3 52. Kc5 Kf5 53. Kd4 a4 54. Bc4 Kg4 55. Kxe4 Kxg3 56. Kd4 Kxh4 57. Bf7 Kg4 58. Bxg6 Rxa2 59. Bf7 Rb2 60. Be6+ Kg3 0-1

[Event "SVM_Regionalliga_2024-25"]
[Site "?"]
[Date "2025.02.23"]
[Round "8.4"]
[Board "3"]
[White "Theisen,Johannes"]
[Black "Sistig,Max"]
[WhiteTeam "Klub Kölner SF 3"]
[BlackTeam "SG Porz 4"]
[WhiteElo "1863"]
[BlackElo "1963"]
[WhiteDWZ "1909"]
[BlackDWZ "1983"]
[Result "1/2-1/2"]
[PlyCount "84"]
[EventDate "2025.02.23"]
[SourceDate "2025.02.23"]
 
1. e4 c5 2. Nf3 Nc6 3. Bb5 g6 4. O-O Bg7 5. Re1 e5 6. Bxc6 dxc6 7. d3 Qc7 8. Be3 b6 9. a3 a5 10. Nbd2 Nf6 11. b4 Ng4 12. bxc5 Nxe3 13. Rxe3 bxc5 14. Nc4 O-O 15. Qe1 Be6 16. Qc3 Rfb8 17. Ree1 Rb5 18. Rab1 f6 19. Rb2 a4 20. Reb1 Rab8 21. h3 Bh6 22. Nfd2 {(=)} Qd8 23. Nf3 Bf8 24. Kf1 R8b7 25. Ke2 Qb8 26. Nfd2 Be7 27. Kd1 Kg7 28. Kc1 Qc7 29. Kd1 Kf7 30. Kc1 Bf8 31. Kd1 Bh6 32. Ke1 Ke7 33. Kd1 Kd7 34. Ke1 Qb8 35. Rxb5 cxb5 36. Ne3 Bf8 37. Nd5 Bxd5 38. exd5 f5 39. Qa5 Bd6 40. c4 Bc7 41. Qa6 Rb6 42. Qa5 Rb7 {(=)} 1/2-1/2

[Event "SVM_Regionalliga_2024-25"]
[Site "?"]
[Date "2025.02.23"]
[Round "8.4"]
[Board "4"]
[White "Thiemonds,Uli"]
[Black "Lemaic,Mile"]
[WhiteTeam "SG Porz 4"]
[BlackTeam "Klub Kölner SF 3"]
[WhiteElo "2055"]
[BlackElo "1883"]
[WhiteDWZ "2014"]
[BlackDWZ "1966"]
[Result "1-0"]
[PlyCount "98"]
[EventDate "2025.02.23"]
[SourceDate "2025.02.23"]
 
1. e4 c5 2. c3 Nf6 3. e5 Nd5 4. d4 cxd4 5. Nf3 e6 6. cxd4 Nc6 7. Bc4 Bb4+ 8. Nbd2 O-O 9. O-O f6 10. Bxd5 exd5 11. Qb3 fxe5 12. Qxd5+ Kh8 13. Nxe5 d6 14. Nf7+ Rxf7 15. Qxf7 Nxd4 16. Qc4 Bc5 17. Nb3 Be6 18. Qd3 Bf5 19. Qd1 Bc2 20. Qg4 Bf5 21. Qg5 Bd3 22. Qxd8+ Rxd8 23. Rd1 Nxb3 24. axb3 Bc2 25. Re1 Bxb3 26. Re7 Bd5 27. Be3 Bxe3 28. fxe3 a6 29. Rd1 Bc6 30. Rf1 Bd5 31. Rf5 Bc6 32. Rff7 Rg8 33. Rc7 h6 34. h4 Kh7 35. g4 Bd5 36. Rfd7 Bf3 37. Rxd6 Bxg4 38. Rxb7 Re8 39. Rb4 h5 40. Kf2 a5 41. Rb5 a4 42. Rb4 Ra8 43. Rd3 Rc8 44. Rc3 Rd8 45. Rc7 Rd2+ 46. Kg3 Re2 47. Re7 Kh6 48. Rb6+ Kh7 49. Rbb7 Rxe3+ 1-0

[Event "SVM_Regionalliga_2024-25"]
[Site "?"]
[Date "2025.02.23"]
[Round "8.4"]
[Board "5"]
[White "Graf,Peter"]
[Black "Seemann,Mathis"]
[WhiteTeam "Klub Kölner SF 3"]
[BlackTeam "SG Porz 4"]
[WhiteElo "1971"]
[BlackElo "1861"]
[WhiteDWZ "1954"]
[BlackDWZ "1898"]
[Result "1-0"]
[PlyCount "53"]
[EventDate "2025.02.23"]
[SourceDate "2025.02.23"]
 
1. e4 c5 2. Be2 Nc6 3. d3 d5 4. f4 e5 5. exd5 Qxd5 6. Bf3 Qd6 7. Bxc6+ Qxc6 8. Qe2 Be6 9. fxe5 c4 10. d4 h5 11. Nf3 Be7 12. Nc3 O-O-O 13. Be3 Nh6 14. O-O-O Nf5 15. Bf2 g5 16. d5 Bxd5 17. Nxd5 Rxd5 18. Rxd5 Qxd5 19. Rd1 Qe6 20. Nd4 Nxd4 21. Rxd4 c3 22. Qc4+ Kb8 23. bxc3 Qf5 {(=)} 24. Rd2 Rh6 25. Qd4 Rb6 26. Qa4 Ra6 27. Qe8+ 1-0

[Event "SVM_Regionalliga_2024-25"]
[Site "?"]
[Date "2025.02.23"]
[Round "8.4"]
[Board "6"]
[White "Hackbusch,Thomas"]
[Black "Richter,Götz"]
[WhiteTeam "SG Porz 4"]
[BlackTeam "Klub Kölner SF 3"]
[WhiteElo "1798"]
[BlackElo "1984"]
[WhiteDWZ "1844"]
[BlackDWZ "1889"]
[Result "0-1"]
[PlyCount "68"]
[EventDate "2025.02.23"]
[SourceDate "2025.02.23"]
 
1. d4 Nf6 2. c4 e6 3. Nf3 b6 4. a3 c5 5. Nc3 cxd4 6. Qxd4 Bb7 7. Qd2 Be7 8. g3 Nc6 9. b3 Na5 10. Rb1 Ne4 11. Qc2 Nxc3 12. Qxc3 Be4 13. Rb2 d5 14. Rd2 O-O 15. Bg2 Qc7 16. O-O dxc4 17. b4 Nb3 18. Rd4 Nxd4 19. Qxd4 Bd5 20. Bf4 Qb7 21. h4 a5 22. h5 Bf6 23. Be5 Bxe5 24. Qxe5 axb4 25. axb4 h6 26. Re1 Be4 27. Rc1 Rac8 28. Rc3 Rfd8 29. Re3 Rd1+ 30. Kh2 Bd5 31. Bh3 Qc7 32. Qc3 Bxf3 33. Rxf3 Qd6 34. Qe3 c3 0-1

[Event "SVM_Regionalliga_2024-25"]
[Site "?"]
[Date "2025.02.23"]
[Round "8.4"]
[Board "7"]
[White "Ye,Philipp"]
[Black "Fieberg,Christoph"]
[WhiteTeam "Klub Kölner SF 3"]
[BlackTeam "SG Porz 4"]
[WhiteElo "1912"]
[BlackElo "1848"]
[WhiteDWZ "1894"]
[BlackDWZ "1737"]
[Result "1/2-1/2"]
[PlyCount "111"]
[EventDate "2025.02.23"]
[SourceDate "2025.02.23"]
 
1. d4 Nf6 2. Bf4 d5 3. e3 e6 4. Nd2 c5 5. Ngf3 Nc6 6. c3 Qb6 7. Rb1 cxd4 8. exd4 Nh5 9. Be3 f5 10. Ne5 Nf6 11. Bd3 Be7 12. O-O O-O 13. Re1 Nd7 14. Nxc6 bxc6 15. Nf3 Qc7 16. Bd2 Nf6 17. g3 Bd6 18. c4 Ne4 19. c5 Nxd2 20. Qxd2 Be7 21. Ne5 Bf6 22. Re2 a5 23. Rbe1 Bxe5 24. Rxe5 a4 25. Bc2 Qa5 26. Qc3 Rf6 27. Qxa5 Rxa5 28. R1e3 Rf7 29. Ra3 Rfa7 30. Re2 Kf7 31. h4 Kf6 32. f3 Ba6 33. Bd3 Bxd3 34. Rxd3 Rb5 35. Rde3 Re7 36. a3 Rb8 37. Kg2 Rbe8 38. b4 axb3 39. Rxb3 e5 40. Rb6 Rc8 41. dxe5+ Rxe5 42. Kf2 d4 43. Rd2 Rxc5 44. Rxd4 Rc2+ 45. Ke3 Rc3+ 46. Rd3 Rxd3+ 47. Kxd3 Ke5 48. Kc4 Ra8 49. Rb3 f4 50. g4 Ra5 51. Rd3 h6 {(=)} 52. Rc3 Kd6 53. Rd3+ Ke5 54. Kb4 Rb5+ 55. Kc3 Ra5 56. Kc4 {(=)} 1/2-1/2

[Event "SVM_Regionalliga_2024-25"]
[Site "?"]
[Date "2025.02.23"]
[Round "8.5"]
[Board "1"]
[White "Reinöhl,Christian"]
[Black "Vandenbergen,Nicolas"]
[WhiteTeam "SK Troisdorf"]
[BlackTeam "SK Turm Euskirchen 1"]
[WhiteElo "2140"]
[BlackElo "2107"]
[WhiteDWZ "2101"]
[BlackDWZ "2097"]
[Result "1/2-1/2"]
[PlyCount "120"]
[EventDate "2025.02.23"]
[SourceDate "2025.02.23"]
 
1. b3 e5 2. Bb2 Nc6 3. e3 g6 4. Nf3 Bg7 5. c4 f5 6. d4 e4 7. Nfd2 d6 8. Nc3 Nf6 9. a3 O-O 10. g3 a5 11. Qc2 Bh6 12. Be2 Bd7 13. O-O-O Qb8 14. Kb1 Nd8 15. h3 c6 16. d5 cxd5 17. Nxd5 Nxd5 18. cxd5 Nf7 19. Qc3 Ne5 20. Nc4 b5 21. Nxe5 dxe5 22. Qxe5 Qxe5 23. Bxe5 Rfe8 24. Bb2 Bf8 25. Ka2 Bd6 26. Rc1 Rec8 27. h4 h6 28. Rhg1 h5 29. Bf6 Be8 30. Bg5 Kf8 31. Rgd1 Rab8 32. Bf6 Kf7 33. Bd4 Ke7 34. Ba7 Ra8 35. Bb6 Rcb8 36. Bd4 Rc8 37. Kb2 Rab8 38. Ba7 Ra8 39. Bb6 Be5+ 40. Kb1 Bd6 41. Kb2 Be5+ 42. Bd4 Bxd4+ 43. Rxd4 Kd6 44. f3 Rxc1 45. Kxc1 exf3 46. Bxf3 Rc8+ 47. Kd2 Bd7 48. Rd3 Rg8 49. Rd4 Rc8 50. b4 Ra8 51. bxa5 Rxa5 52. Rd3 Ra4 53. Rb3 Rc4 54. Rc3 Ra4 55. Kc2 Ra8 56. Kb3 Ra4 57. Kb2 Ra8 58. Rb3 Rc8 59. e4 fxe4 60. Bxe4 Rg8 {(=)} 1/2-1/2

[Event "SVM_Regionalliga_2024-25"]
[Site "?"]
[Date "2025.02.23"]
[Round "8.5"]
[Board "2"]
[White "Brinkmann,Sven"]
[Black "Schwarz,Andreas"]
[WhiteTeam "SK Turm Euskirchen 1"]
[BlackTeam "SK Troisdorf"]
[WhiteElo "2054"]
[BlackElo "2125"]
[WhiteDWZ "2014"]
[BlackDWZ "2131"]
[Result "0-1"]
[PlyCount "22"]
[EventDate "2025.02.23"]
[SourceDate "2025.02.23"]
 
1. d4 d5 2. Bf4 h5 3. e3 e5 4. dxe5 g5 5. Bxg5 Qxg5 6. Qxd5 Ne7 7. Qe4 Nbc6 8. f4 Qg4 9. Be2 Bf5 10. Qa4 Qxg2 11. Bf3 Qxc2 0-1

[Event "SVM_Regionalliga_2024-25"]
[Site "?"]
[Date "2025.02.23"]
[Round "8.5"]
[Board "3"]
[White "Fuß,Jean-Pierre"]
[Black "Neubauer,Jürgen"]
[WhiteTeam "SK Troisdorf"]
[BlackTeam "SK Turm Euskirchen 1"]
[WhiteElo "1952"]
[BlackElo "1990"]
[WhiteDWZ "2076"]
[BlackDWZ "1983"]
[Result "0-1"]
[PlyCount "58"]
[EventDate "2025.02.23"]
[SourceDate "2025.02.23"]
 
1. d4 d5 2. c4 e6 3. Nf3 Nf6 4. g3 Be7 5. Qc2 O-O 6. Bg2 Nbd7 7. O-O c5 8. a3 cxd4 9. cxd5 e5 10. e3 Nxd5 11. exd4 exd4 12. Nxd4 N7f6 13. Nf5 Be6 14. Nxe7+ Qxe7 15. Bg5 h6 16. Bd2 Rac8 17. Qa4 Qc5 18. Nc3 a6 19. Rad1 Rfd8 20. Qh4 Qb6 21. Nxd5 Nxd5 22. Bxd5 Rxd5 23. Be3 Qd6 24. Rxd5 Qxd5 25. Qd4 Qf3 26. Qf4 Qe2 27. Bd4 Bh3 28. Ra1 Re8 29. Be3 g5 0-1

[Event "SVM_Regionalliga_2024-25"]
[Site "?"]
[Date "2025.02.23"]
[Round "8.5"]
[Board "5"]
[White "Both,David"]
[Black "Hack,Thomas"]
[WhiteTeam "SK Troisdorf"]
[BlackTeam "SK Turm Euskirchen 1"]
[WhiteElo "2055"]
[BlackElo "2014"]
[WhiteDWZ "1975"]
[BlackDWZ "1907"]
[Result "0-1"]
[PlyCount "104"]
[EventDate "2025.02.23"]
[SourceDate "2025.02.23"]
 
1. c4 e6 2. Nf3 b6 3. g3 Bb7 4. Bg2 g6 5. Nc3 Bg7 6. d3 Ne7 7. Bd2 O-O 8. Qc1 Nf5 9. O-O d6 10. Rd1 Nd7 11. b4 Qc8 12. Rb1 a5 13. a3 axb4 14. axb4 Nd4 15. Nxd4 Bxd4 16. Nb5 Bg7 17. Bc3 Bxg2 18. Kxg2 e5 19. Qb2 Re8 20. Ra1 Qb7+ 21. Kg1 Nf8 22. Rxa8 Rxa8 23. Ra1 Ne6 24. Rxa8+ Qxa8 25. Qa1 Qxa1+ 26. Bxa1 Kf8 27. e3 Ke7 28. Nc3 c6 29. Kf1 Nc7 30. Ke2 b5 31. Kd2 f5 32. cxb5 cxb5 33. e4 Ke6 34. f3 Bh6+ 35. Kc2 Be3 36. Bb2 Bg1 37. h3 Bf2 38. g4 f4 39. Kd2 Kf6 40. Ke2 Bg3 41. Kf1 Ke6 42. Ke2 Bh4 43. Kd2 Bf2 44. Ke2 Bd4 45. Kd2 Kf6 46. Ke2 Kg5 47. Kf1 Na6 48. Nd1 Bxb2 49. Nxb2 Nxb4 50. Kf2 Kh4 51. Kg2 Nc2 52. Kh2 Ne1 0-1

[Event "SVM_Regionalliga_2024-25"]
[Site "?"]
[Date "2025.02.23"]
[Round "8.5"]
[Board "6"]
[White "Reckers,Sebastian"]
[Black "Sejdini,Valentin"]
[WhiteTeam "SK Turm Euskirchen 1"]
[BlackTeam "SK Troisdorf"]
[WhiteElo "2012"]
[BlackElo "1912"]
[WhiteDWZ "1834"]
[BlackDWZ "1780"]
[Result "1-0"]
[PlyCount "123"]
[EventDate "2025.02.23"]
[SourceDate "2025.02.23"]
 
1. e4 e5 2. Nf3 Nf6 3. Nxe5 Nxe4 4. Qe2 Qe7 5. Qxe4 d6 6. d4 Nc6 7. Nc3 dxe5 8. Nd5 Qd8 9. dxe5 Be6 10. Nc3 Bb4 11. Bd2 Qd4 12. Qxd4 Nxd4 13. Bd3 O-O-O 14. O-O-O h6 15. h3 a6 16. Kb1 Rd7 17. a3 Be7 18. Be4 Rhd8 19. Kc1 Kb8 20. g4 Bh4 21. f4 Bc4 22. Rh2 Bg3 23. Rg2 Bxf4 24. Bxf4 Ne2+ 25. Rxe2 Rxd1+ 26. Nxd1 Bxe2 27. Nc3 g5 28. Bg3 Bc4 29. b3 Be6 30. Bf5 b6 31. Bd3 Bxb3 32. Bxa6 Be6 33. Bf2 Ka7 34. Bd3 Kb7 35. Be4+ Kb8 36. Bg3 Bc4 37. Bf2 Ka7 38. h4 Kb8 39. hxg5 hxg5 40. Bf5 Re8 41. Bg3 Rh8 42. Ne4 Rh3 43. Kb2 Bd5 44. Bf2 Rf3 45. Nf6 Rxf2 46. Nxd5 Re2 47. Nf6 c6 48. Ne4 Kc7 49. Kc3 Re3+ 50. Kd2 Rxa3 51. Nxg5 Kd8 52. Nxf7+ Ke7 53. Nd6 Ra5 54. Nc8+ Kd8 55. e6 Rd5+ 56. Kc1 Re5 57. e7+ Kc7 58. Bg6 Kd7 59. e8=Q+ Rxe8 60. Bxe8+ Kxe8 61. Nxb6 Kf7 62. Kd2 1-0

[Event "SVM_Regionalliga_2024-25"]
[Site "?"]
[Date "2025.02.23"]
[Round "8.5"]
[Board "7"]
[White "Hallen,Maxime"]
[Black "Blumenthal,Ralf"]
[WhiteTeam "SK Troisdorf"]
[BlackTeam "SK Turm Euskirchen 1"]
[WhiteElo "1820"]
[BlackElo "1912"]
[WhiteDWZ "1737"]
[BlackDWZ "1832"]
[Result "0-1"]
[PlyCount "63"]
[EventDate "2025.02.23"]
[SourceDate "2025.02.23"]
 
1. e4 e6 2. d4 d5 3. Nc3 Nf6 4. exd5 exd5 5. Bg5 Bb4 6. Bd3 h6 7. Bxf6 Qxf6 8. Nge2 c6 9. O-O O-O 10. a3 Bd6 11. Ng3 Qh4 12. Re1 f5 13. Be2 Nd7 14. Bf3 Nf6 15. b4 Bd7 16. Na4 b6 17. Qd3 Ne4 18. Re2 Ng5 19. h3 f4 20. Nf1 Bf5 21. Qb3 Rad8 22. Rae1 Rf6 23. Nb2 Bxh3 24. Re8+ Rxe8 25. Rxe8+ Kf7 26. Ra8 Bf5 27. Rxa7+ Kg8 28. Ra8+ Kh7 29. Nh2 Be6 30. Nd3 Ne4 31. Ne5 Qxf2+ 32. Kh1 0-1

[Event "SVM_Regionalliga_2024-25"]
[Site "?"]
[Date "2025.02.23"]
[Round "8.6"]
[Board "1"]
[White "König,Christian"]
[Black "Borriss,Martin"]
[WhiteTeam "SF Lohmar 1"]
[BlackTeam "SG Siebengebirge 1"]
[WhiteElo "2033"]
[BlackElo "2427"]
[WhiteDWZ "2021"]
[BlackDWZ "2403"]
[Result "1/2-1/2"]
[PlyCount "77"]
[EventDate "2025.02.23"]
[SourceDate "2025.02.23"]
 
1. e4 c5 2. Nf3 d6 3. d4 cxd4 4. Nxd4 Nf6 5. Nc3 Nc6 6. Bg5 e6 7. Qd2 a6 8. O-O-O Bd7 9. Kb1 h6 10. Be3 b5 11. Nxc6 Bxc6 12. f3 Qc7 13. Ne2 d5 14. e5 Nd7 15. f4 Nc5 16. Nd4 Ne4 17. Qe1 Bb7 18. Bd3 Bc5 19. Nb3 Be7 20. Bd4 Rc8 21. Qe3 h5 22. g3 {(=)} g6 23. Rhe1 Kf8 24. Re2 Kg7 25. Bb6 Qb8 26. Bxe4 dxe4 27. Rd7 Rhe8 28. Bc5 Rc7 29. Rxe7 Rcxe7 30. Bxe7 Rxe7 31. Nc5 Qd8 32. b3 Qd1+ 33. Kb2 Rc7 34. Nxb7 Rxb7 35. Qxe4 Rd7 36. Re1 Qd2 37. Re2 Qd1 38. Re1 Qd2 39. Re2 {(=)} 1/2-1/2

[Event "SVM_Regionalliga_2024-25"]
[Site "?"]
[Date "2025.02.23"]
[Round "8.6"]
[Board "2"]
[White "Richter,Dirk"]
[Black "Akstinat,Sven-Holger"]
[WhiteTeam "SG Siebengebirge 1"]
[BlackTeam "SF Lohmar 1"]
[WhiteElo "2112"]
[BlackElo "1980"]
[WhiteDWZ "2020"]
[BlackDWZ "1913"]
[Result "1-0"]
[PlyCount "75"]
[EventDate "2025.02.23"]
[SourceDate "2025.02.23"]
 
1. c4 b6 2. Nc3 Bb7 3. Nf3 e6 4. g3 Nf6 5. Bg2 Be7 6. O-O d6 7. d3 Nbd7 8. b4 a5 9. b5 Nc5 10. Nd4 Bxg2 11. Kxg2 Qd7 12. Ba3 O-O 13. Nc6 Rfe8 14. d4 Nce4 15. Nxe4 Nxe4 16. f3 Nf6 17. e4 Rec8 18. e5 Ne8 19. f4 Bf8 20. Qf3 g6 21. h4 Ng7 22. g4 h5 23. Rae1 hxg4 24. Qxg4 dxe5 25. Bxf8 Rxf8 26. fxe5 Rae8 27. Re3 Nf5 28. Rh3 Kg7 29. Qg5 Rg8 30. Qf6+ Kf8 31. Kh2 Rg7 32. h5 g5 33. h6 Rh7 34. Qxg5 Ne7 35. Rxf7+ Rxf7 36. h7 Rf2+ 37. Kg1 Kf7 38. Kxf2 1-0